An introduction to the SEC

Gorde:
Xehetasun bibliografikoak
Egile nagusia: Skousen, K. Fred (Egilea)
Formatua: Liburua
Hizkuntza:ingelesa
Argitaratua: Cincinnati South-Western Publishing 1987
Edizioa:4a. ed
Gaiak:
Etiketak: Etiketa erantsi
Etiketarik gabe, Izan zaitez lehena erregistro honi etiketa jartzen!

MARC

LEADER 00000nam a2200000 a 4500
001 UCW2841
003 CL-VaPUC
008 921001e19870000US |||||||||||||||||eng|d
082 0 4 |a 657.7  |b SKO  |2 21 
100 0 |a Skousen, K. Fred  |e author  |9 307176 
245 1 3 |a An introduction to the SEC 
250 |a 4a. ed 
300 |a 156 p 
942 |c BK 
945 |d 19921001 00:00:00 
260 |a Cincinnati  |b South-Western Publishing  |c 1987 
650 7 |a CONTADORES  |2 CL-VaPUC  |9 307177 
583 |a last modification  |c 19921001 00:00:00  |k Rodrigo Vera 
999 |c 217273  |d 217271 
952 |0 0  |1 0  |4 0  |6 657_700000000000000_SKO_1987  |7 0  |8 P  |9 204426  |a BIBGIM  |b BIBGIM  |d 2019-11-15  |i 1414062  |o 657.7 SKO 1987  |p 1414062  |r 2025-01-15  |w 2019-11-15  |y BK  |k COM